Horsepower in Porsche cars - Statistics

General Stats
  • This quiz has been taken 77 times
  • The average score is 17 of 35
Answer Stats
Hint Answer % Correct
992 GT3 510
80%
992 Carrera S 450
75%
992 Turbo S 650
75%
718 Boxster/Cayman 300
73%
718 Boxster/Cayman GTS 400
71%
718 Boxster/Cayman S 350
69%
Panamera Turbo 550
69%
Cayenne Turbo 550
69%
718 Cayman GT4 420
67%
718 Boxster Spyder 420
67%
992 GTS 480
67%
Panamera GTS 480
67%
Macan S 380
59%
Panamera Turbo S 630
59%
Panamera 4 330
57%
Cayenne 340
57%
Panamera Turbo S ehybrid 700
57%
992 Turbo 580
53%
992 GT3RS 525
51%
Cayenne GT 640
51%
Taycan Turbo 680
51%
Cayenne Turbo S ehybrid 680
51%
Panamera 4S 440
47%
Macan GTS 440
47%
Cayenne S 440
47%
Panamera 4S ehybrid 560
43%
Cayenne GTS 460
41%
992 Carrera 385
29%
Taycan Turbo S 761
16%
Macan 354
6%
Panamera 4 ehybrid 462
6%
Cayenne ehybrid 462
6%
Taycan 476
6%
Taycan 4S 571
6%
Taycan GTS 591
6%
No matching quizzes found
Score Distribution
Percent of People with Each Score
Percentile by Number Answered
Your Score History
You have not taken this quiz